[Event "GER Pfingstopen U12"]
[Site "Playchess.com INT"]
[Date "2020.06.02"]
[Round "3"]
[White "Freier, Lennart Luis"]
[Black "Geist, Denis"]
[Result "0-1"]
[WhiteElo "1310"]
[BlackElo "1620"]
[PlyCount "42"]
[EventDate "2020.06.02"]
[EventType "swiss (blitz)"]
[EventRounds "11"]
[EventCountry "GER"]
[SourceTitle "CBM 197 Extra"]
[Source "ChessBase"]
[SourceDate "2020.09.30"]
[SourceVersion "1"]
[SourceVersionDate "2020.09.30"]
[SourceQuality "1"]

1. e4 e6 2. d4 d5 3. exd5 exd5 4. Qe2+ Be6 5. Nf3 Bd6 6. Nc3 Ne7 7. Bd2 Nbc6 8. Nb5 Qd7 9. 0-0-0 0-0-0 10. Ng5 h6 11. Nxe6 fxe6 12. g3 a6 13. Bh3 Nf5 14. Nc3 Ncxd4 15. Qh5 Rhf8 16. g4 Ne7 17. g5 Nef5 18. Bxf5 Nxf5 19. f4 hxg5 20. fxg5 Qf7 21. Rdf1 Qxh5 0-1